| 000 | 00549nam a2200181Ia 4500 | ||
|---|---|---|---|
| 005 | 20250508161301.0 | ||
| 008 | 008 250505s9999 xx 000 0 eng d | ||
| 037 | _aTextual | ||
| 040 |
_aFEDL _beng _cFEDL |
||
| 041 |
_aeng _2eng |
||
| 084 |
_a510, SWA _qFEDL |
||
| 100 |
_aSwain Henry _9770510 |
||
| 245 | 0 | _aHow to study mathematics: A handbook for high-school students | |
| 260 |
_aWashington, USA _bNational Council of Teachers of Mathematics _c1955 |
||
| 300 | _a32p. | ||
| 942 |
_cTEXL _h510, SWA |
||
| 999 |
_c1369333 _d1369333 |
||